Guía de cédulas personales (Record no. 154880)

MARC details
000 -LEADER
campo de control de longitud fija 00846nam a22001935i 4500
001 - NÚMERO DE CONTROL
campo de control 154880
003 - IDENTIFICADOR DE NÚMERO DE CONTROL
campo de control ES-MaACL
005 - FECHA Y HORA DE LA ÚLTIMA TRANSACCIÓN
campo de control 20230906205904.0
008 - DATOS DE LONGITUD FIJA--INFORMACIÓN GENERAL
campo de control de longitud fija 040716s1894 sp |||| | spa d
040 ## - FUENTE DE CATALOGACIÓN
Centro catalogador/agencia de origen CAM
Lengua de catalogación spa
Centro/agencia transcriptor CAM
245 00 - MENCIÓN DEL TÍTULO
Título Guía de cédulas personales
Resto del título : contiene este ópusculo, el art.20 de la ley de presupuestos del estado de 30 de junio de 1892 ... /
Mención de responsabilidad, etc. anotado todo convenientemente por Eusebio Freixa; con la colaboración de Luis Falcato.
250 ## - MENCION DE EDICION
Mención de edición 5ª ed.
260 ## - PUBLICACIÓN, DISTRIBUCIÓN, ETC.
Lugar de publicación, distribución, etc. Madrid :
Nombre del editor, distribuidor, etc. Administración (Mesón de Paredes, 13),
Fecha de publicación, distribución, etc. 1894 (
Fabricante Carrión hermanos impresores)
300 ## - DESCRIPCIÓN FÍSICA
Extensión 70 p. ;
Dimensiones 21 cm.
650 #4 - PUNTO DE ACCESO ADICIONAL DE MATERIA--TÉRMINO DE MATERIA
Término de materia o nombre geográfico como elemento de entrada Impuestos-
Subdivisión geográfica España-
Subdivisión cronológica S. XIX.
9 (RLIN) 173725
700 11 - ENTRADA AGREGADA--NOMBRE PERSONAL
Nombre de persona Freixa, Eusebio,
Término indicativo de función/relación
9 (RLIN) 127146
700 11 - ENTRADA AGREGADA--NOMBRE PERSONAL
Nombre de persona Falcato, Luis,
Término indicativo de función/relación
9 (RLIN) 127008
852 ## - LOCALIZACIÓN
Ubicación ES-MaACL
Número de control de estantería Fol-Laf-451
Nota libre -- Rust.
-- -- Legado de M. de la Fuente
Holdings
Estatus retirado Estado de pérdida Estado de daño No para préstamo Colección Biblioteca de origen Biblioteca actual Ubicación en estantería Fecha de adquisición Fuente de adquisición Total de préstamos Signatura topográfica completa Código de barras Visto por última vez Precio de reemplazo Tipo de ítem Koha
        Colección de folletos Biblioteca del Ateneo de Madrid Biblioteca del Ateneo de Madrid Depósito folletos 17/01/2008     Fol-Laf-451 1162006 23/02/2023 23/02/2023 Folleto